| 000 | 00838nmm a2200265 a 4500 | ||
|---|---|---|---|
| 001 | ocm000608164 | ||
| 003 | TR-IsHL | ||
| 005 | 20201028134211.0 | ||
| 008 | 131121s2010 tu tur | ||
| 007 | cr cn | ||
| 020 | _a9786055715717 | ||
| 035 |
_a608164 _b(N$T) |
||
| 050 | 0 | 4 |
_aDS51.T6 _bK33 2010 |
| 090 | 0 | 4 |
_aDS51.T6 _bK33 2010 |
| 245 | 1 | 0 |
_aKadı buyurdu katip yazdı: Tokat'a dair bir sakk mecmuası _h[electronic resource] / _chaz. Ümit Ekin |
| 260 |
_aİstanbul : _bBilge Kültür Sanat, _c2010 |
||
| 300 | _a336 p. | ||
| 650 | 4 | _aTarih | |
| 650 | 4 | _aHistory | |
| 650 | 0 |
_aTokat (Türkiye) _x Tarih |
|
| 650 | 0 |
_aTokat (Turkey) _x History |
|
| 650 | 7 |
_aLAW / Legal History _2bisacsh |
|
| 700 | 1 | _aEkin, Ümit | |
| 856 | 4 | 0 | _uhttp://search.ebscohost.com/login.aspx?direct=true&scope=site&db=e011xww&AN=608164 |
| 999 |
_c6060 _d6060 |
||